Statistics for Mexico City Int'l Airport (MEX) Destinations

Click here to take the quiz!

General Stats

  • This quiz has been taken 90 times
  • The average score is 77 of 108

Answer Stats

HintAirlinesAnswer% Correct
U.S. (Illinois)Aeromexico, Volaris, UnitedChicago (O'Hare)
100%
U.S. (Texas)Aeromexico, Volaris, VivaAerobus, AmericanDallas (DFW)
100%
U.S. (Texas)Aeromexico, Volaris, VivaAerobus, UnitedHouston (Bush)
100%
U.S. (California)Aeromexico, Volaris, VivaAerobus, American, DeltaLos Angeles
100%
U.S. (California)Aeromexico, UnitedSan Francisco
100%
NetherlandsAeromexico, KLMAmsterdam
98%
U.S. (Texas)Aeromexico, VivaAerobusAustin
98%
Mexico (Quintana Roo)Aeromexico, Volaris, VivaAerobus, MagnichartersCancun
98%
U.S. (Colorado)Aeromexico, VolarisDenver
98%
GermanyLufthansaFrankfurt
98%
TurkeyTurkishIstanbul
98%
SpainAeromexico, IberiaMadrid
98%
Canada (Quebec)Aeromexico, Air CanadaMontreal
98%
U.S. (New York)Aeromexico, VivaAerobus, DeltaNew York City (JFK)
98%
U.S. (Arizona)AmericanPhoenix
98%
ColombiaAeromexico, Volaris, VivaAerobus, Avianca,
Viva Air Colombia, Wingo
Bogota
96%
U.S. (North Carolina)AmericanCharlotte
96%
U.S. (Michigan)DeltaDetroit
96%
U.S. (Nevada)Aeromexico, Volaris, VivaAerobusLas Vegas
96%
U.K. (England)Aeromexico, British AirwaysLondon (Heathrow)
96%
U.S. (Florida)Aeromexico, Volaris, VivaAerobus, AmericanMiami
96%
U.S. (Minnesota)DeltaMinneapolis
96%
U.S. (Florida)Aeromexico, VolarisOrlando
96%
Costa RicaAeromexico, Volaris Costa Rica, AviancaSan Jose
96%
U.S. (California)VolarisSan Jose
96%
U.S. (Washington)AeromexicoSeattle
96%
U.S. (Georgia)DeltaAtlanta
94%
ArgentinaAeromexicoBuenos Aires
94%
U.A.E.EmiratesDubai
94%
GuatemalaAeromexico, Volaris Costa RicaGuatemala City
94%
CubaVivaAerobus (Charter Only)Havana
94%
GermanyLufthansaMunich
94%
PanamaCopaPanama City
94%
FranceAeromexico, Air FranceParis (Charles de Gaulle)
94%
El SalvadorAeromexico, Volaris El Salvador, Avianca El SalvadorSan Salvador
94%
Canada (Ontario)Aeromexico, Air CanadaToronto
94%
Canada (British Columbia)Aeromexico, Air CanadaVancouver
94%
SpainEmiratesBarcelona
91%
PeruAeromexico, LATAM PeruLima
91%
U.S. (New Jersey)UnitedNewark
91%
U.S. (Utah)DeltaSalt Lake City
91%
ChileAeromexico, LATAM ChileSantiago
91%
BrazilAeromexico, LATAM BrasilSao Paulo (Guarulhos)
91%
Mexico (Baja California)Aeromexico, Volaris, VivaAerobusTijuana
91%
JapanAeromexico, All Nippon AirwaysTokyo (Narita)
91%
Mexico (Jalisco)Aeromexico, Volaris, VivaAerobus, AeromarGuadalajara
89%
U.S. (Texas)Aeromexico, Volaris, VivaAerobusSan Antonio
89%
Dominican RepublicAeromexicoSanto Domingo
89%
EcuadorAeromexicoQuito
87%
NicaraguaAeromexicoManagua
85%
U.S. (California)VolarisSacramento
85%
South KoreaAeromexicoSeoul
85%
U.S. (N/A)UnitedWashington (Dulles)
85%
Mexico (Chihuahua)Aeromexico, Volaris, VivaAerobusChihuahua
83%
U.S. (California)VolarisFresno
83%
ColombiaAeromexico, Viva Air ColombiaMedellin
83%
Mexico (Nuevo Leon)Aeromexico, Volaris, VivaAerobusMonterrey
81%
HondurasAeromexicoTegucigalpa
81%
U.S. (California)VolarisOakland
79%
Mexico (Oaxaca)Aeromexico, Volaris, VivaAerobusOaxaca City
79%
Mexico (Guerrero)Aeromexico, Volaris, VivaAerobus, AeromarAcapulco
77%
Mexico (Aguascalientes)Aeromexico, VolarisAguascalientes
74%
Mexico (Durango)Aeromexico, Volaris, VivaAerobusDurango
72%
Mexico (Yucatan)Aeromexico, Volaris, VivaAerobus, MagnichartersMerida
70%
Mexico (San Luis Potosi)AeromexicoSan Luis Potosi
70%
HondurasAeromexicoSan Pedro Sula
70%
Mexico (Veracruz)Aeromexico, VivaAerobus, AeromarVeracruz
70%
Mexico (Jalisco)Aeromexico, Volaris, VivaAerobus, Aeromar, MagnichartersPuerto Vallarta
68%
Mexico (Chihuahua)Aeromexico, Volaris, VivaAerobusCiudad Juarez
66%
Mexico (Quintana Roo)Volaris, VivaAerobus, MagnichartersCozumel
66%
Mexico (Zacatecas)Aeromexico, VivaAerobusZacatecas
64%
Mexico (Queretaro)AeromexicoQueretaro
60%
Mexico (Guanajuato)AeromexicoLeon
57%
Mexico (Baja California)Aeromexico, VolarisMexicali
57%
Mexico (Campeche)Aeromexico, Volaris, VivaAerobusCampeche
55%
U.S. (Texas)AeromarLaredo
55%
U.S. (Texas)AeromarMcAllen
55%
Mexico (Colima)AeromarColima
53%
Mexico (Sinaloa)Aeromexico, Volaris, VivaAerobusMazatlan
53%
U.S. (California)VolarisOntario
53%
Mexico (Baja California Sur)Aeromexico, Volaris, VivaAerobus, MagnichartersLos Cabos
51%
Mexico (Sonora)Aeromexico, Volaris, VivaAerobusHermosillo
49%
Mexico (Baja California Sur)Aeromexico, Volaris, VivaAerobusLa Paz
49%
Mexico (Sinaloa)Aeromexico, Volaris, VivaAerobusCuliacan
40%
Mexico (Guerrero)Aeromexico, Volaris, VivaAerobus, Aeromar, MagnichartersIxtapa
38%
Mexico (Tamaulipas)Aeromexico, VivaAerobusTampico
38%
CubaVivaAerobus (Charter Only)Varadero
38%
Mexico (Tabasco)Aeromexico, Volaris, VivaAerobusVillahermosa
38%
Mexico (Coahuila)Aeromexico, Volaris, VivaAerobusTorreon
36%
Mexico (Colima)Aeromexico, MagnichartersManzanillo
34%
Mexico (Chiapas)Aeromexico, Volaris, VivaAerobusTuxtla Gutierrez
34%
Mexico (Quintana Roo)Aeromexico, Volaris, VivaAerobusChetumal
32%
Mexico (Michoacan)AeromarMorelia
32%
Mexico (Campeche)Aeromexico, Volaris, VivaAerobusCiudad del Carmen
30%
Mexico (Sonora)Aeromexico, Volaris, VivaAerobusCiudad Obregon
30%
Mexico (Tamaulipas)Aeromexico, VivaAerobusReynosa
28%
Mexico (Oaxaca)Aeromexico, Volaris, VivaAerobus, MagnichartersHuatulco
26%
Mexico (Tamaulipas)AeromexicoNuevo Laredo
26%
Mexico (Oaxaca)Aeromexico, VivaAerobus, AeromarPuerto Escondido
26%
Mexico (Nayarit)AeromarTepic
26%
Mexico (Tamaulipas)AeromarCiudad Victoria
23%
Mexico (Sinaloa)Aeromexico, Volaris, VivaAerobusLos Mochis
23%
Mexico (Tamaulipas)AeromexicoMatamoros
23%
Mexico (Coahuila)AeromarPiedras Negras
19%
Mexico (Chiapas)Aeromexico, VolarisTapachula
19%
Mexico (Oaxaca)AeromarIxtepec
11%
Mexico (Veracruz)AeromexicoMinatitlan
11%
Mexico (Michoacan)AeromarLazaro Cardenas
9%

Score Distribution

Percentile by Number Answered

Percent of People with Each Score

Your Score History

You have not taken this quiz